| 000 | 00498nam a22001577a 4500 | ||
|---|---|---|---|
| 008 | 221219b |||||||| |||| 00| 0 eng d | ||
| 041 | _aEng. | ||
| 082 | _aCD20381 | ||
| 100 | _aDahal, Fadindra Prasad | ||
| 245 | _a Causes of student’s difficulties in solving algebraic word problem; a case study | ||
| 260 |
_aKathmandu: _c2022 |
||
| 502 | _aDissertation (Degree in Mathematics education), TU | ||
| 650 | _aMathematics education | ||
| 650 | _aAlgebraic equations | ||
| 942 |
_2ddc _cVM |
||
| 999 |
_c106072 _d106060 |
||